000 00720nam a2200169Ia 4500
003 GCL
005 20240530110206.0
008 140319s9999 xx 000 0 ara d
040 _aGCL /
_cGCL
082 0 4 _b922.2 /
_bا ك
100 1 _aالسيوطى : جلال الدين ابوالفضل عبدالرحمن بن ابى بكر بن محمد الخضيرى
245 1 0 _aكتاب طبقات المفسرين TABAQUAT AL= MUFASSIRIN /
_cالسيوطى : جلال الدين ابوالفضل عبدالرحمن بن ابى بكر بن محمد الخضيرى
260 _a[ القاهرة ] :
_bدار الكتب المصرية
_cد. ت
300 _aمتعدد ؛
650 0 4 _aالمفسرون
942 _2ddc
_cBK
999 _c59296
_d59296